All 10k+ cities in New Hampshire on a Map - Statistics

General Stats
  • This quiz has been taken 145 times
  • The average score is 15 of 28
Answers on the Map
Answers color-coded by a green-red scale on the quiz's map according to % correct below.
 
Answer Stats
City Population % Correct
Concord 43,976
97%
Manchester 115,644
95%
Nashua 91,322
92%
Portsmouth 21,956
79%
Dover 32,741
70%
Keene 23,047
64%
Lebanon 14,282
61%
Rochester 32,492
61%
Derry 34,317
57%
Londonderry 25,826
57%
Laconia 16,871
56%
Durham 15,490
49%
Salem 30,089
49%
Exeter 16,049
48%
Claremont 12,949
46%
Hanover 11,870
46%
Bedford 23,322
44%
Hampton 16,214
44%
Hudson 25,394
41%
Merrimack 26,632
41%
Pelham 14,222
38%
Milford 16,131
36%
Somersworth 11,855
36%
Goffstown 18,577
33%
Hooksett 14,871
33%
Windham 15,817
33%
Amherst 11,753
28%
Raymond 10,684
25%
No matching quizzes found
Score Distribution
Percent of People with Each Score
Percentile by Number Answered
Your Score History
You have not taken this quiz